000 00345cam a2200145ua 4500
999 _c34
_d34
082 _a658.3
_bHAR/CO
100 _aHarigopal, K .
_93241
245 _aConflict management /
260 _aNew Delhi :
_bOxford & IBH Publishing company ,
_c1995.
300 _a189 ; .
650 _aIndustrial Management
_93242
942 _cBK
003 @
003 OSt